[Event "19th TCh-RUS 2012"]
[Site "Sochi RUS"]
[Date "2012.04.09"]
[Round "1"]
[White "Ovetchkin,R"]
[Black "Babiy,A"]
[Result "1/2-1/2"]
[WhiteElo "2499"]
[BlackElo "2452"]

1.Nf3 Nf6 2.c4 c5 3.Nc3 b6 4.e4 Bb7 5.e5 Ng8 6.d4 cxd4 7.Nxd4 g6 8.Bf4 Bg7
9.Qd2 h5 10.Bd3 Nc6 11.Nxc6 Bxc6 12.O-O e6 13.Ne4 Bxe4 14.Bxe4 Rc8 15.Rac1 Qc7
16.Rfd1 Ne7 17.Rc3 O-O 18.Qd6 Nc6 19.Qxc7 Rxc7 20.Bxc6 dxc6 21.h4 a5 22.Rcd3 b5
23.c5 Rfc8 24.Rd8+ Kh7 25.Rxc8 Rxc8 26.Rd7 Kg8 27.Kf1 Kf8 28.b3 Ke8 29.Ra7 Bf8
30.Be3 Be7 31.g3 Bd8 32.Ke2 Bc7 33.Bd4 Kd7 34.a3 Rb8 35.Bc3 b4 36.axb4 axb4
37.Bd4 Rb5 38.Ra2 Ra5 39.Rd2 Kc8 40.Kd3 Kb7 41.Kc4 Ra8 42.Rd3 Rd8 43.Rf3 Rd7
44.Bb2 Ba5 45.Bc1 Ka6 46.Bh6 Bc7 47.Re3 Rd2 48.Rf3 Rd7 49.Re3 Rd2 50.Rf3  1/2-1/2

[Event "TCh-CAT 2012"]
[Site "Catalunya ESP"]
[Date "2012.04.14"]
[Round "10.9"]
[White "Oms Fuentes,L"]
[Black "Almeida Toledano,D"]
[Result "1/2-1/2"]
[WhiteElo "2314"]
[BlackElo "2347"]

1.c4 c5 2.Nc3 e6 3.Nf3 Nf6 4.d4 cxd4 5.Nxd4 d6 6.g3 Be7 7.Bg2 O-O 8.O-O a6
9.b3 Qc7 10.Bb2 Nbd7 11.Qd2 Ne5 12.Rac1 Bd7 13.f4 Ng6 14.e4 Rfe8 15.Kh1 Rac8
16.Nd1 h5 17.Ne3 h4 18.f5 h3 19.Bxh3 Nxe4 20.Qc2 exf5 21.Nexf5 Bf6 22.Bg2 d5
23.Rce1 b5 24.Ne3 Re5 25.Nxd5 Rxd5 26.Qxe4 Re5 27.Qb7 bxc4 28.Rxe5  1/2-1/2

[Event "14th Dubai Open 2012"]
[Site "Dubai UAE"]
[Date "2012.04.18"]
[Round "4.7"]
[White "Petrosian,TL"]
[Black "Kovchan,A"]
[Result "1-0"]
[WhiteElo "2643"]
[BlackElo "2598"]

1.Nf3 Nf6 2.c4 g6 3.Nc3 c5 4.g3 Bg7 5.Bg2 d5 6.Qa4+ Bd7 7.Qb3 d4 8.Ne5 Nc6
9.Nxd7 Qxd7 10.Ne4 Nxe4 11.Bxe4 f5 12.Bg2 d3 13.e3 e5 14.O-O e4 15.Qb5 Qe7
16.Rb1 O-O 17.b4 Nxb4 18.Ba3 a5 19.f3 g5 20.fxe4 fxe4 21.Rxf8+ Bxf8 22.Bb2 Nxa2
23.Rf1 Ra6 24.Rf5 Nb4 25.Re5 Re6 26.Rxe6 Qxe6 27.Qxb7 Nc6 28.Bc3 g4 29.Qa6 Kf7
30.Qb7+ Kg8 31.Qa8 h5 32.Bxa5 Nxa5 33.Bxe4 Kg7 34.Bd5 Qb6 35.Qe8 Qf6 36.Qxh5 Nb3
37.Be4 Be7 38.Qxg4+ Kf8 39.Bd5 Bd6 40.Qc8+ Kg7 41.Qg8+ Kh6 42.Be4 Qa1+ 43.Kg2  1-0

[Event "14th Dubai Open 2012"]
[Site "Dubai UAE"]
[Date "2012.04.18"]
[Round "4.11"]
[White "Andriasian,Z"]
[Black "Arutinian,D"]
[Result "1-0"]
[WhiteElo "2616"]
[BlackElo "2553"]

1.Nf3 Nf6 2.c4 c5 3.Nc3 b6 4.e4 d6 5.d4 cxd4 6.Nxd4 Bb7 7.Qe2 e6 8.g3 Be7
9.Bg2 a6 10.b3 O-O 11.O-O Qc7 12.Bb2 Nc6 13.Nc2 Rfe8 14.Rad1 Rad8 15.Ne3 Qb8
16.Rfe1 Ne5 17.f4 Ned7 18.b4 Nf8 19.a3 Qa8 20.Nc2 N6d7 21.Rf1 Rc8 22.g4 h6
23.Ne3 Red8 24.Ba1 Ng6 25.h3 Nf6 26.Qd3 Rc7 27.Rf2 Bc6 28.Bb2 Rcc8 29.a4 Bb7
30.Ba1 a5 31.b5 Nd7 32.Qb1 Nc5 33.Ncd5 exd5 34.cxd5 Nxa4 35.Nf5 Nc3 36.Nxe7+ Nxe7
37.Qb2 f6 38.Rd3 Na4 39.Qa3 Rc4 40.g5 f5 41.gxh6 fxe4 42.Rg3 Nf5 43.Bxg7 Kh7
44.Rg5 Qc8 45.Bf1 Rb4 46.Qa1 Rf8 47.Bxf8 Qxf8 48.Rxf5 Qxh6 49.Rf7+ Kg8 50.Rxb7 Kf8
51.Rg2 Nc5 52.Rbg7  1-0

[Event "TCh-CZE Extraliga 2011-12"]
[Site "Czech Republic CZE"]
[Date "2012.04.22"]
[Round "11.1"]
[White "Mista,A"]
[Black "Ftacnik,L"]
[Result "0-1"]
[WhiteElo "2561"]
[BlackElo "2570"]

1.c4 Nf6 2.Nc3 c5 3.Nf3 e6 4.g3 b6 5.Bg2 Bb7 6.O-O Be7 7.d4 cxd4 8.Qxd4 d6
9.Bg5 a6 10.Rfd1 Nbd7 11.Qd2 O-O 12.Bf4 Ne8 13.Rac1 Rc8 14.b3 h6 15.Ne1 Bxg2
16.Kxg2 Qc7 17.f3 Qb7 18.Ne4 Nc5 19.Nf2 b5 20.Ned3 bxc4 21.Rxc4 Nxd3 22.Qxd3 Nf6
23.Rdc1 Nd5 24.Bd2 Nb6 25.Rxc8 Rxc8 26.Rxc8+ Qxc8 27.Ba5 Qb7 28.e4 Nd7 29.Qc4 Nc5
30.b4 d5 31.Qd4 Nd7 32.exd5 exd5 33.a4 Bf6 34.Qe3 Ne5 35.Qb6 Qa8 36.Qc5 Nc4
37.Bc7 Qe8 38.b5 axb5 39.axb5 Qe2 40.b6 Nd2 41.Qc1 Bd4 42.b7 Qxf2+ 43.Kh3 Ba7
44.Bf4 Nc4 45.Qa1 Ne3 46.Bxe3 Qxe3 47.Qa4 Qe6+ 48.Kg2 Qe2+ 49.Kh3 Bb8  0-1

[Event "10th Nabokov Mem GM"]
[Site "Kiev UKR"]
[Date "2012.04.22"]
[Round "4.3"]
[White "Grinev,V"]
[Black "Soltanici,R"]
[Result "1/2-1/2"]
[WhiteElo "2404"]
[BlackElo "2397"]

1.Nf3 Nf6 2.c4 c5 3.Nc3 e6 4.d4 cxd4 5.Nxd4 a6 6.g3 Qc7 7.Qd3 b6 8.Bg2 Bb7
9.Bf4 d6 10.Bxb7 Qxb7 11.Qf3 Qxf3 12.Nxf3 Nbd7 13.O-O-O Rc8 14.Bxd6 Rxc4  1/2-1/2

[Event "10th Nabokov Mem IM"]
[Site "Kiev UKR"]
[Date "2012.04.22"]
[Round "5.5"]
[White "Melnichuk,M"]
[Black "Terekhov,A"]
[Result "1/2-1/2"]
[WhiteElo "2343"]
[BlackElo "2305"]

1.Nf3 Nf6 2.c4 e6 3.Nc3 c5 4.g3 b6 5.Bg2 Bb7 6.O-O Be7 7.d4 cxd4 8.Qxd4 O-O
9.Bg5 Nc6 10.Qd2 Qb8 11.Rfd1 Rd8 12.Bf4 d6 13.b3 Rd7 14.h3 Qf8 15.e4 Rad8
16.Qe2 h6 17.Rac1 Rc8 18.Be3 Rdd8 19.Nd4 Nxd4 20.Bxd4 Nd7 21.Be3 Ba8 22.Bf4 a6
23.Na4 Bc6 24.Nc3 Nc5  1/2-1/2

[Event "Historical Melaka Op"]
[Site "Melaka MAS"]
[Date "2012.04.26"]
[Round "5"]
[White "Laxman,R"]
[Black "Arun Prasad,S"]
[Result "1/2-1/2"]
[WhiteElo "2415"]
[BlackElo "2517"]

1.Nf3 Nf6 2.c4 c5 3.Nc3 e6 4.d4 cxd4 5.Nxd4 a6 6.a3 Qc7 7.e4 b6 8.Bd3 Bb7
9.Qe2 Bc5 10.Nc2 Nc6  1/2-1/2

[Event "Historical Melaka Op"]
[Site "Melaka MAS"]
[Date "2012.04.26"]
[Round "6"]
[White "Nolte,R"]
[Black "Praveen Kumar,C1"]
[Result "1/2-1/2"]
[WhiteElo "2456"]
[BlackElo "2343"]

1.c4 e6 2.Nf3 Nf6 3.Nc3 c5 4.g3 b6 5.Bg2 Bb7 6.O-O a6 7.d4 cxd4 8.Qxd4 d6
9.b3 Qc7 10.Bb2 Be7 11.Rac1 O-O 12.Rfd1 Nbd7 13.Nh4 Bxg2 14.Nxg2 Qb7 15.Ne3 Ne5
16.a4 h5 17.Qf4 h4 18.Rc2 h3 19.Bc1 Rac8 20.Qh4 d5 21.cxd5 exd5 22.Qxh3 Bb4
23.Ncxd5 Nxd5 24.Rxc8 Rxc8 25.Nxd5 Rxc1 26.Rxc1 Qxd5 27.Rc8+ Bf8 28.Qf5 g6
29.Qf4 Kg7 30.Re8 Nd7 31.Rd8 Qe6 32.Qd4+ Nf6 33.b4 a5 34.bxa5 bxa5 35.e3 Qe4
36.Qb2 Bc5 37.Rc8 Bb4 38.Rc7 Qd5 39.Ra7  1/2-1/2

[Event "ch-LTU 2012"]
[Site "Vilnius LTU"]
[Date "2012.04.26"]
[Round "6"]
[White "Zickus,S"]
[Black "Kalvaitis,S"]
[Result "1-0"]
[WhiteElo "2283"]
[BlackElo "2258"]

1.Nf3 c5 2.c4 Nf6 3.Nc3 e6 4.g3 b6 5.Bg2 Bb7 6.O-O Be7 7.Re1 O-O 8.e4 d6
9.d4 cxd4 10.Nxd4 Qc8 11.Be3 a6 12.Rc1 Nbd7 13.f4 Qc7 14.g4 g6 15.g5 Nh5
16.f5 e5 17.Nd5 Qd8 18.Nxe7+ Qxe7 19.f6 Qd8 20.Nf5 Nc5 21.Ne7+ Kh8 22.Nd5 Bxd5
23.exd5 a5 24.Bh3 Re8 25.Rc2 e4 26.Bg4 Re5 27.Rf1 Rb8 28.Rg2 Qe8 29.h4 Nd3
30.Bxh5 gxh5 31.Qxh5 b5 32.b3 bxc4 33.bxc4 Qd7 34.Qh6 Rg8 35.Bd4 Rg6 36.Qf8+ Rg8
37.Qh6 Rg6 38.Qh5 Qc8 39.Bxe5 Nxe5 40.Qe2 Nf3+ 41.Rxf3 exf3 42.Qxf3 Qxc4
43.Re2 Qxh4 44.Re8+ Rg8 45.Rxg8+ Kxg8 46.Qe3 Qg4+ 47.Kf2 Qh4+ 48.Ke2 Qg4+
49.Kd2 Qb4+ 50.Kc2 Qc4+ 51.Kb2 Qb5+ 52.Qb3 Qe8 53.Ka3 Qc8 54.Ka4 h5 55.gxh6 Kh7
56.Kxa5 Qd8+ 57.Kb5 Qxf6 58.a4 Qf2 59.Qb4 Qe2+ 60.Kb6 Qe5 61.a5 Qxd5 62.a6 Qa8
63.a7 Qd8+ 64.Ka6 Qc8+ 65.Qb7 Qc4+ 66.Qb5 Qc8+ 67.Ka5 Kxh6 68.Kb4 Qa8 69.Qd7 Qd5
70.Qc7 f5 71.Qc1+ Kh5 72.Qe3 Kg4 73.Qe2+ Kg5 74.Qe7+ Kg4 75.Qg7+ Kf3 76.Qc3+ Kg2
77.Qb2+ Kh1 78.Qa1+ Kh2 79.a8=Q Qc5+ 80.Kb3 Qb5+ 81.Ka3 Qc5+ 82.Ka4 Qc4+
83.Ka5 Qc5+ 84.Ka6 Qc4+ 85.Kb7 Qd5+ 86.Kb8 Qb5+ 87.Qb7 Qe8+ 88.Ka7 Qe3+ 89.Qb6 Qe7+
90.Kb8 Qe8+ 91.Kb7 Qf7+ 92.Kc6 Qe8+ 93.Kxd6 Qf8+ 94.Kc6 Qe8+ 95.Kb7 Qe4+
96.Qc6 Qb4+ 97.Ka6 Qa3+ 98.Qxa3  1-0

[Event "Historical Melaka Op"]
[Site "Melaka MAS"]
[Date "2012.04.27"]
[Round "7"]
[White "Deepan,C"]
[Black "Karthikeyan,P2"]
[Result "1/2-1/2"]
[WhiteElo "2461"]
[BlackElo "2414"]

1.Nf3 Nf6 2.c4 c5 3.Nc3 e6 4.g3 Nc6 5.Bg2 d5 6.cxd5 Nxd5 7.O-O Be7 8.d4 cxd4
9.Nxd4 Nxc3 10.bxc3 Bd7 11.Nxc6 Bxc6 12.Bxc6+ bxc6 13.Qa4 O-O 14.Be3 Qd5
15.Rab1 Bc5 16.Rfd1 Qf5 17.g4 Qe5 18.Qa5 Bd6 19.Qxe5 Bxe5 20.Bd4 Bxd4 21.Rxd4 f5
22.gxf5 exf5 23.Rb7 Rf6 24.Rdd7 Rg6+ 25.Kf1 a5 26.f3 h6 27.Ra7 Rb8 28.Rdb7 Rd8
29.Rd7 Rb8 30.Rdb7  1/2-1/2

[Event "TCh-CHN 2012"]
[Site "Beijing CHN"]
[Date "2012.04.28"]
[Round "1"]
[White "Hoang Thi Bao Tram"]
[Black "Ning Chunhong"]
[Result "1/2-1/2"]
[WhiteElo "2356"]
[BlackElo "2328"]

1.Nf3 Nf6 2.c4 g6 3.Nc3 c5 4.g3 Bg7 5.Bg2 O-O 6.d3 Nc6 7.Rb1 d5 8.cxd5 Nxd5
9.Bd2 b6 10.Qb3 Nxc3 11.bxc3 Bb7 12.O-O Qd7 13.Be3 Rac8 14.Qa3 Ba8 15.Rfd1 e5
16.Qa4 Qe7 17.h4 e4 18.dxe4 Bxc3 19.Bg5 Bf6 20.Rd2 Rcd8 21.Rbd1 Bxg5 22.Nxg5 Rxd2
23.Rxd2 Rd8 24.Rxd8+ Nxd8 25.e5 Bxg2 26.Kxg2 h6 27.Nf3 Ne6 28.h5 g5 29.Qe4 Qd7
30.Nh2 Qd4 31.Qf5 Ng7 32.Qc8+ Kh7 33.Qc7 Qe4+ 34.Kg1 Qb1+ 35.Kg2 Qe4+ 36.Kg1 Qb1+
37.Kg2 Qe4+  1/2-1/2

[Event "TCh-AUT 2 Mitte 2011-12"]
[Site "Fuerstenfeld AUT"]
[Date "2012.04.28"]
[Round "10"]
[White "Gonda,L"]
[Black "Reichmann,E"]
[Result "1-0"]
[WhiteElo "2520"]
[BlackElo "2279"]

1.Nf3 Nf6 2.c4 c5 3.Nc3 d5 4.cxd5 Nxd5 5.g3 Nc6 6.Bg2 Nc7 7.O-O e5 8.a3 f6
9.e3 Be7 10.d4 cxd4 11.exd4 exd4 12.Ne2 Ne6 13.b4 d3 14.Nc3 O-O 15.Re1 Kh8
16.Re3 a5 17.b5 Ne5 18.Nxe5 fxe5 19.Rxd3 Qe8 20.Be3 Nd4 21.Nd5 Bf5 22.Rd2 Bd6
23.a4 Rc8 24.Raa2 Bc5 25.f4 Ne6 26.fxe5 Ng5 27.Bxc5 Rxc5 28.Qe1 Ne4 29.Bxe4 Qxe5
30.Rf2 Re8 31.Rae2 Bxe4 32.Rxe4 Rc1 33.Rxe5 Rxe1+ 34.Rxe1 Rxe1+ 35.Rf1  1-0

[Event "14th Salou Open"]
[Site "Salou ESP"]
[Date "2012.05.05"]
[Round "3.3"]
[White "Pogorelov,R"]
[Black "Aroshidze,L"]
[Result "0-1"]
[WhiteElo "2408"]
[BlackElo "2582"]

1.Nf3 c5 2.c4 Nf6 3.Nc3 b6 4.g3 Bb7 5.Bg2 e6 6.O-O d6 7.Re1 a6 8.e4 Be7 9.d4 cxd4
10.Nxd4 Qc7 11.Be3 O-O 12.Rc1 Nbd7 13.f4 h5 14.h3 Rfe8 15.Bf2 Rac8 16.e5 dxe5
17.fxe5 Bxg2 18.exf6 Ba8 19.fxe7 Qb7 20.Nd5 exd5 21.Qf3 Qc7 22.c5 bxc5 23.b4 g6
24.bxc5 Ne5 25.Rxe5 Qxe5 26.Re1 Qg5 27.h4 Qg4 28.Qf6 Rxc5 29.Kh2 Rc7 30.Re5 Rc1
31.Be3 Ra1 32.Qf2 Qd1 33.Qg2 Qb1 34.Bf2 Rxa2 35.Qf3 Qb4 36.Kh3 Rxe7 37.Rxh5 gxh5
38.Qxh5 Qb1 39.Qg5+ Kf8 40.Nf5 Qf1+ 41.Kg4 Qe2+ 42.Kh3 Qf1+ 43.Kg4 Ra4+ 44.Kh5 Qe2+
45.g4 Qxg4+ 46.Qxg4 Rxg4 47.Kxg4 Re6 48.h5 Bc6 49.Kg5 Bb5 50.Bd4 Bd3 51.Ne3 Be4
52.Ng4 Rc6 53.Bb2 Rc2 54.Ba3+ Ke8 55.Nf6+ Kd8 56.Bf8 Rg2+ 57.Kh4 Rh2+ 58.Kg3 Rg2+
59.Kh3 Rf2 60.Nxe4 dxe4 61.h6 Rf5 62.Kg4 Rf1 63.Bg7 Rh1 64.Kf4 Ke7 65.Kxe4 Ke6
66.Kf4  0-1

[Event "69th ch-GEO w"]
[Site "Anaklia GEO"]
[Date "2012.05.07"]
[Round "9.5"]
[White "Khotenashvili,B"]
[Black "Arabidze,M"]
[Result "1-0"]
[WhiteElo "2490"]
[BlackElo "2337"]

1.Nf3 c5 2.c4 Nf6 3.Nc3 b6 4.g3 Bb7 5.Bg2 g6 6.O-O Bg7 7.d4 cxd4 8.Qxd4 d6
9.Rd1 Nbd7 10.Be3 O-O 11.Qh4 Rc8 12.Rac1 Re8 13.b3 a6 14.Bh3 Rc7 15.g4 Qa8
16.Nd2 b5 17.g5 Nh5 18.Nd5 Bxd5 19.cxd5 Rec8 20.Rxc7 Rxc7 21.Ne4 Bb2 22.Ng3 Ng7
23.Qe4 Kf8 24.Bxd7 Rxd7 25.Qc2 Ba3 26.Qc3 Bc5 27.Bxc5 dxc5 28.Qxc5 Ne6 29.Qc3 Kg8
30.Qe5 Qc8 31.e4 Qc2 32.Rf1 Nc7 33.h4 e6 34.Qf4 Qc5 35.Rc1 Qe7 36.Rxc7  1-0

[Event "Tschaturanga Open"]
[Site "Vienna AUT"]
[Date "2012.05.10"]
[Round "4.4"]
[White "Lechner,Marcus"]
[Black "Sadilek,P"]
[Result "0-1"]
[WhiteElo "1941"]
[BlackElo "2269"]

1.c4 Nf6 2.Nc3 c5 3.Nf3 e6 4.g3 b6 5.Bg2 Bb7 6.O-O Be7 7.b3 O-O 8.Bb2 d5
9.cxd5 Nxd5 10.Nxd5 Bxd5 11.d3 Nd7 12.Rc1 b5 13.Re1 Qa5 14.Rc2 Rac8 15.Qa1 Nf6
16.Rec1 Rfd8 17.Bd4 Bxf3 18.Bxf3 Rxd4 19.Qxd4 cxd4 20.Rxc8+ Bf8 21.Ra8 h6
22.h4 g6 23.Rcc8 Nh7 24.g4 Kg7 25.a4 bxa4 26.bxa4 Be7 27.Rg8+ Kf6 28.Rh8 Nf8
29.Rg8 Nd7 30.Bc6 Ne5  0-1

[Event "Serbia Cup Final 2012"]
[Site "Kragujevac SRB"]
[Date "2012.05.15"]
[Round "2"]
[White "Zivkovic,Vladisa1"]
[Black "Arsovic,Z"]
[Result "0-1"]
[WhiteElo "2185"]
[BlackElo "2455"]

1.Nf3 c5 2.c4 Nf6 3.Nc3 e6 4.g3 b6 5.Bg2 Bb7 6.O-O a6 7.d4 cxd4 8.Qxd4 d6
9.Rd1 Be7 10.b3 Nbd7 11.Bb2 O-O 12.Rac1 Qc7 13.Ne1 Bxg2 14.Nxg2 Qb7 15.Ne3 b5
16.Rb1 Rfc8 17.Rdc1 Ne5 18.cxb5 axb5 19.a4 bxa4 20.bxa4 Qa6 21.Ba3 Nc4 22.Nxc4 Rxc4
23.Qb6 g6 24.Qxa6 Rxa6 25.Rb4 Rc8 26.Rb7 Bf8 27.Kg2 Rac6 28.Na2 Rxc1 29.Nxc1 Ra8
30.Bb2 Ne4 31.Nd3 Rxa4 32.Rb4 Rxb4 33.Nxb4 f5 34.Nd3 Kf7 35.f3 Nd2 36.Bc3 Nc4
37.Kf2 Be7 38.e3 e5 39.e4 Bd8 40.Ke2 Ke6 41.Nb4 Ba5 42.Nd5 fxe4 43.fxe4 Bxc3
44.Nxc3 Nb6 45.Kf3 d5 46.exd5+ Nxd5 47.Ne4 Nf6 48.Nc3 Kf5 49.h3 e4+ 50.Kf2 Ke5
51.Nb5 Nd5 52.Ke2 Ne7 53.Nc7 Nf5 54.Kf2 e3+ 55.Kf3 Kd4 56.Ne6+ Kd3 57.Nf4+ Kd2
58.Ne2 h6 59.h4 h5 60.Ng1 Nd4+ 61.Kf4 Ne2+  0-1

[Event "21st CRO-Cup"]
[Site "Sibenik CRO"]
[Date "2012.05.17"]
[Round "3.103"]
[White "Galic,K"]
[Black "Drvar,Izidor"]
[Result "1/2-1/2"]
[WhiteElo "2107"]
[BlackElo "1922"]

1.c4 c5 2.Nc3 Nf6 3.Nf3 g6 4.e3 Bg7 5.Be2 d6 6.h3 O-O 7.O-O b6 8.d4 cxd4
9.Nxd4 Bb7 10.b3 Nc6 11.Bf3 Qd7 12.Bxc6 Bxc6 13.Bb2 Bb7 14.Qe2 e5 15.Nf3 Rfd8
16.e4 Nh5 17.Nd5 Bxd5 18.exd5 Qf5 19.Ne1 Nf4 20.Qd1 h5 21.Qc2 Qg5 22.Kh2 h4
23.Rd1 Re8 24.Qd2 Bh6 25.Qe3 f5 26.Bc1 Qh5 27.Qf3 Kg7 28.Qxh5 gxh5 29.Nf3 Ng6
30.Bxh6+ Kxh6 31.Ne1 Rg8 32.f3 Nf4 33.Rf2 Kg6 34.Nd3 Nxd3 35.Rxd3 Kf6 36.Kg1 Rg7
37.Kf1 Rag8 38.Rdd2 Rc8 39.a4 a5 40.Ke2 Rgc7 41.Kd3 Rb7 42.Ra2 Ke7 43.Rab2 Rcb8
44.Rbe2  1/2-1/2

[Event "TCh-HUN 2011-12"]
[Site "Decs HUN"]
[Date "2012.05.20"]
[Round "11"]
[White "Sebestyen,Bala"]
[Black "Vrona,M"]
[Result "1-0"]
[WhiteElo "2293"]
[BlackElo "2097"]

1.Nf3 Nf6 2.c4 c5 3.Nc3 g6 4.g3 Bg7 5.Bg2 Nc6 6.O-O O-O 7.d4 cxd4 8.Nxd4 Qb6
9.Nb3 d6 10.Be3 Qc7 11.h3 a6 12.Rc1 Be6 13.Nd5 Qd8 14.Bb6 Qd7 15.Kh2 Rac8
16.e4 Nh5 17.Qe2 Bh6 18.Be3 Bxe3 19.Qxe3 Bxd5 20.exd5 Ne5 21.c5 Nf6 22.Qd4 Qb5
23.Rfd1 Nfd7 24.f4 dxc5 25.Qe4 f5 26.Qe3 Nf7 27.Qxe7 Rfe8 28.Qh4 Re2 29.Nd4 Rxg2+
30.Kxg2 Qxb2+ 31.Rc2 Qb4 32.Qe7 Nb6 33.Nf3 Qa4 34.Rdd2 Re8 35.Qxc5 Rc8 36.Qf2 Rxc2
37.Rxc2 Nxd5 38.Rc8+ Kg7 39.Qb2+ Kh6 40.Rg8 Ne3+ 41.Kh2 Kh5 42.Rg7 Nf1+ 43.Kg1 Qd1
44.Rxh7+ Nh6 45.Rxh6+  1-0

[Event "21st CRO-Cup"]
[Site "Sibenik CRO"]
[Date "2012.05.20"]
[Round "6.14"]
[White "Kozul,Z"]
[Black "Saric,A"]
[Result "1-0"]
[WhiteElo "2593"]
[BlackElo "2513"]

1.c4 Nf6 2.Nf3 e6 3.Nc3 c5 4.e3 d5 5.d4 dxc4 6.Bxc4 a6 7.a3 b5 8.Ba2 Bb7
9.O-O Be7 10.Qe2 O-O 11.dxc5 Bxc5 12.e4 b4 13.axb4 Bxb4 14.e5 Bxc3 15.bxc3 Ne4
16.Ba3 Re8 17.Qe3 Qc7 18.Bb1 f5 19.exf6 Nxf6 20.Ng5 h6 21.Bg6 hxg5 22.Bxe8 Nxe8
23.Qxe6+ Qf7 24.Qxf7+ Kxf7 25.Rfe1 Nc6 26.Rab1 Bc8 27.Rb6 Bd7 28.Rd1 Ra7
29.Bc5 Rc7 30.Rxa6 Nf6 31.h3 g4 32.hxg4 Bxg4 33.f3 Bc8 34.Bd6 Bxa6 35.Bxc7 Bc4
36.Rd6 Ne7 37.Bd8 Be6 38.Ra6 Ned5 39.Bxf6 gxf6 40.Ra7+ Ke8 41.c4 Ne7 42.c5 Nc6
43.Ra6 Kd7 44.Kf2 Bc4 45.Rb6 Bd5 46.Ke3 Ke7 47.Rb1 Ke6 48.Re1 Bb3 49.Kf4+ Kd5
50.Kf5 Kxc5 51.Kxf6 Bd5 52.Kf5 Nd4+ 53.Kf4 Kd6 54.Rd1 Kc5 55.Ke3 Nf5+ 56.Kf2 Kd6
57.g4 Ne7 58.f4 Ke6 59.Kg3 Kf6 60.Ra1 Bc4 61.Ra5 Bd3 62.Ra4 Bc2 63.Ra6+ Kf7
64.Kh4 Nd5 65.Kg5 Bd1 66.Ra3 Ke6 67.f5+ Ke5 68.Ra8 Bf3 69.Re8+ Kd6 70.Re1 Kd7
71.Re6 Bd1 72.Re5 Kd6 73.Re1 Bf3 74.Kh4 Ne7 75.f6 Ng6+ 76.Kg5 Nf8 77.f7 Bd5
78.Kf6 Nd7+ 79.Kg7 Be6 80.Rd1+  1-0

[Event "6th Wunsiedel Open"]
[Site "Wunsiedel GER"]
[Date "2012.05.20"]
[Round "7"]
[White "Stips,F"]
[Black "Danin,A"]
[Result "0-1"]
[WhiteElo "2196"]
[BlackElo "2519"]

1.Nf3 Nf6 2.c4 c5 3.Nc3 b6 4.g3 Bb7 5.Bg2 g6 6.O-O Bg7 7.d4 cxd4 8.Qxd4 O-O
9.Qh4 d6 10.Bg5 Nbd7 11.Rac1 Rc8 12.b3 Rc5 13.g4 Qa8 14.Rfd1 Rcc8 15.Qh3 Rfe8
16.Bf4 Nc5 17.g5 Nfe4 18.Nd5 b5 19.Ne1 bxc4 20.bxc4 Ne6 21.Bxe4 Nxf4 22.Qf3 Nxd5
23.Bxd5 Bxd5 24.cxd5 Qb7 25.Rc6 Qb2 26.a4 Rb8 27.Rc4 Qa2 28.Rf4 Rb1 29.e3 Qb3
30.Rxb1 Qxb1 31.Qe2 Bc3  0-1

[Event "4th Limpedea Cup"]
[Site "Baia Sprie ROU"]
[Date "2012.05.22"]
[Round "2.5"]
[White "Dumitrache,D"]
[Black "Papp,Ga"]
[Result "0-1"]
[WhiteElo "2446"]
[BlackElo "2552"]

1.Nf3 Nf6 2.c4 c5 3.Nc3 e6 4.g3 b6 5.Bg2 Bb7 6.O-O Be7 7.d4 cxd4 8.Qxd4 d6
9.Rd1 a6 10.b3 O-O 11.Bb2 Nbd7 12.e4 Qc7 13.Qe3 Rac8 14.Nd4 Rfe8 15.Rac1 Qb8
16.Re1 Bf8 17.Qd2 Nc5 18.Re2 Red8 19.f3 g6 20.Rd1 Bg7 21.Qe3 h5 22.Red2 Kh7
23.Nde2 Bh6 24.Qf2 Bxd2 25.Rxd2 e5 26.Bh3 Rc7 27.g4 hxg4 28.Bxg4 Kg7 29.Ng3 Bc6
30.Qe3 Ne6 31.Bxe6 fxe6 32.f4 b5 33.fxe5 dxe5 34.Rf2 Qa7 35.c5 Rf7 36.Qg5 Qxc5
37.Nd5 Qxf2+  0-1

[Event "Albena Masters Open 2012"]
[Site "Albena BUL"]
[Date "2012.05.26"]
[Round "1.19"]
[White "Arnaudov,G"]
[Black "Ninov,D"]
[Result "1-0"]
[WhiteElo "2477"]
[BlackElo "2148"]

1.Nf3 Nf6 2.c4 c5 3.Nc3 g6 4.d4 cxd4 5.Nxd4 Bg7 6.e4 d6 7.Be2 O-O 8.Be3 Nc6
9.O-O Bd7 10.Nc2 Rc8 11.Rc1 a6 12.f3 Ne5 13.Na3 Be6 14.b3 Qa5 15.Nab1 Bd7
16.Qd2 Rfe8 17.Rfd1 Bc6 18.a3 Qd8 19.h3 Ned7 20.b4 b6 21.Qe1 Qc7 22.Qf2 Qb8
23.Nd2 Rc7 24.Nd5 Nxd5 25.cxd5 Ba4 26.Re1 b5 27.Bd3 Rec8 28.Nb1 Ne5 29.Be2 Nc4
30.Bd4 Bxd4 31.Qxd4 Qb6 32.Rxc4 Qxd4+ 33.Rxd4 Rc1 34.Rf1  1-0

[Event "Orlova Open 2012"]
[Site "Orlova CZE"]
[Date "2012.05.26"]
[Round "6.10"]
[White "Helis,T"]
[Black "Kuciel,W"]
[Result "0-1"]
[WhiteElo "2245"]
[BlackElo "2003"]

1.Nf3 Nf6 2.c4 c5 3.Nc3 e6 4.g3 Nc6 5.Bg2 d5 6.cxd5 Nxd5 7.O-O Be7 8.Nxd5 exd5
9.d4 O-O 10.dxc5 Bxc5 11.a3 a5 12.Qd3 h6 13.Bf4 Be6 14.Ne5 Qb6 15.Nxc6 bxc6
16.Be5 f6 17.Bc3 Bc8 18.Rad1 Ba6 19.Qg6 Bxe2 20.Rxd5 Rf7 21.Rd2 Bxf1 22.Bxf1 Qb3
23.Bd3 Kf8 24.Bf5 Re7 25.Bxf6 gxf6 26.Qxh6+ Kg8 27.Qg6+ Rg7 28.Qxf6 Re8 29.Qxc6 Re1+
30.Kg2 Qb7 31.Rd8+ Bf8 32.Rd2 Bc5  0-1

[Event "Albena Masters Open 2012"]
[Site "Albena BUL"]
[Date "2012.05.28"]
[Round "3.15"]
[White "Arnaudov,G"]
[Black "Bargan,Se"]
[Result "1/2-1/2"]
[WhiteElo "2477"]
[BlackElo "2292"]

1.Nf3 Nf6 2.c4 c5 3.Nc3 d5 4.cxd5 Nxd5 5.g3 Nc6 6.Bg2 Nc7 7.O-O e5 8.a3 Be7
9.b4 f6 10.bxc5 Bxc5 11.Bb2 O-O 12.Na4 Be7 13.Qc2 Be6 14.Nc5 Bxc5 15.Qxc5 Bd5
16.d3 Ne6 17.Qc2 Rc8 18.e4 Ncd4 19.Qb1 Bc6 20.Nxd4 Nxd4 21.f4 Qd7 22.Qa2+ Kh8
23.Rf2 Bb5 24.Rd1 exf4 25.gxf4 Rfd8 26.h3 Ba4 27.Rdf1 Bb3 28.Qa1 Nc2 29.Qb1 Ne3
30.Re1 Nxg2 31.Kxg2 Qxd3 32.Qxd3 Rxd3 33.Ree2 Re8 34.f5 Kg8 35.Kh2 Kf7 36.e5 fxe5
37.Rxe5 Rxe5 38.Bxe5 Bd5 39.Bb2 h5 40.Bc1 h4 41.Rd2 Rxd2+ 42.Bxd2 Be4 43.Bg5 Bxf5
44.Bxh4 Ke6 45.Bf2 a6 46.Bb6 Bc2 47.Kg3 Kf5 48.h4 Bd1 49.Kf2 Ke4 50.Ke1 Ba4
51.Kd2  1/2-1/2

[Event "TCh-FRA Top 12 2012"]
[Site "Belfort FRA"]
[Date "2012.05.31"]
[Round "1.2"]
[White "Buhmann,R"]
[Black "Delchev,A"]
[Result "1/2-1/2"]
[WhiteElo "2567"]
[BlackElo "2622"]

1.Nf3 Nf6 2.c4 c5 3.Nc3 e6 4.g3 b6 5.Bg2 Bb7 6.O-O Be7 7.Re1 d5 8.cxd5 Nxd5
9.d4 cxd4 10.Qa4+ Nd7 11.Nxd5 Bxd5 12.Nxd4 Bxg2 13.Kxg2 O-O 14.Nc6 Qe8 15.Nxe7+ Qxe7
16.Be3 Nf6  1/2-1/2

[Event "10th IM Int"]
[Site "Sao Jose do Rio Preto BRA"]
[Date "2012.06.01"]
[Round "4.4"]
[White "Blit,J"]
[Black "Gattass,A"]
[Result "1-0"]
[WhiteElo "2278"]
[BlackElo "2256"]

1.Nf3 Nf6 2.c4 e6 3.Nc3 c5 4.g3 b6 5.Bg2 Bb7 6.O-O a6 7.Re1 d5 8.cxd5 Nxd5
9.Nxd5 Bxd5 10.e4 Bb7 11.d4 cxd4 12.Nxd4 Be7 13.Be3 O-O 14.Qb3 b5 15.Rac1 Bf6
16.Red1 Qe7 17.Nf3 Bxe4 18.Bc5 Qb7 19.Bxf8 Kxf8 20.Qb4+ Ke8 21.a4 Ra7 22.axb5 axb5
23.Rc5 Bc6 24.Nd4 Ra4 25.Nxc6 Rxb4 26.Nxb4 Qa7 27.Rc8+ Ke7 28.Rxb8  1-0

[Event "TCh-FRA Top 12 2012"]
[Site "Belfort FRA"]
[Date "2012.06.04"]
[Round "5.6"]
[White "Kosten,A"]
[Black "Dourerassou,J"]
[Result "1/2-1/2"]
[WhiteElo "2493"]
[BlackElo "2462"]

1.c4 Nf6 2.Nc3 c5 3.Nf3 d5 4.cxd5 Nxd5 5.e4 Nb4 6.Bb5+ N8c6 7.d4 cxd4 8.a3 dxc3
9.Qxd8+ Kxd8 10.axb4 cxb2 11.Bxb2 f6 12.e5 Bd7 13.Ba4 Ke8 14.Ke2 fxe5 15.Nxe5 Nxe5
16.Bxe5 a6 17.Bxd7+ Kxd7 18.Rac1 Ke6 19.f4 Rg8 20.h4 h6 21.Ba1 Rd8 22.Rc7 b5
23.g4 g6 24.Rh3 Kf7 25.Re3 Rd6 26.Be5 Re6 27.f5 gxf5 28.gxf5 Rb6 29.Bd4 Rd6
30.Bc5 Rg2+ 31.Kf3 Rdd2 32.Re4 Rh2 33.f6 Rd3+ 34.Be3 Kxf6 35.Rf4+ Ke6 36.Ke4 Rd8
37.Rc6+ Kd7 38.Rxa6 Bg7 39.Ra7+ Ke6 40.Bc5 Bf8 41.Ra6+ Kd7 42.Rb6 h5 43.Kf3 Ra8
44.Rxb5 Ra3+ 45.Ke4 Bh6 46.Rf1 Rxh4+ 47.Kf5 Be3 48.Rb7+ Kc6 49.Rb6+ Kc7 50.Re6 Bxc5
51.bxc5 Kd7 52.c6+  1/2-1/2

[Event "TCh-FRA Top 12 2012"]
[Site "Belfort FRA"]
[Date "2012.06.05"]
[Round "6.1"]
[White "Le Roux,JP"]
[Black "Llanes Hurtado,M"]
[Result "1-0"]
[WhiteElo "2551"]
[BlackElo "2480"]

1.c4 Nf6 2.Nc3 e6 3.Nf3 c5 4.g3 b6 5.Bg2 Bb7 6.O-O Be7 7.b3 O-O 8.Bb2 d6
9.Qc2 Nbd7 10.Rad1 a6 11.d4 b5 12.dxc5 dxc5 13.cxb5 axb5 14.Nxb5 Rxa2 15.Qc3 Ba6
16.Na7 Rxb2 17.Nc6 Rxb3 18.Qxb3 Qe8 19.Qa2 Bb7 20.Nxe7+ Qxe7 21.Qa7 Bd5 22.Ne5 Ra8
23.Qc7 Qd8 24.Qxd8+ Rxd8 25.Nxd7 Rxd7 26.Rc1 Rc7 27.Rc3 Bxg2 28.Kxg2 Ne4
29.Re3 Nd6 30.Rd1 Rc6 31.Red3 Ne8 32.Rd7 Kf8 33.Ra7 Nd6 34.Rd7 Ne8 35.Ra1 Rc8
36.Raa7 f6 37.Kf1 h5 38.h4 Kg8 39.Ke1 Kh7 40.Kd2 Kg6 41.e4 e5 42.f4 exf4
43.gxf4 Rc6 44.Kc3 c4 45.Re7 Rc8 46.Rad7 Kh6 47.Re6 Nc7 48.Rb6 Kh7 49.Rb7 Ne6
50.f5 Nc5 51.Rxg7+ Kh8 52.Rh7+ Kg8 53.Rbg7+ Kf8 54.Ra7 Kg8 55.Rhg7+ Kh8 56.Rge7 Nd3
57.Rh7+ Kg8 58.Rag7+ Kf8 59.Rf7+ Kg8 60.Rhg7+ Kh8 61.Rg2 Rc6 62.Ra2 Rc8 63.Rxf6 Nc5
64.Rh6+ Kg7 65.Rg6+ Kf7 66.e5 Ne4+ 67.Kd4 c3 68.Rc2  1-0

[Event "Server24Chess 2012"]
[Site "Ortisei ITA"]
[Date "2012.06.05"]
[Round "4"]
[White "Battistella,S"]
[Black "Sulskis,S"]
[Result "1/2-1/2"]
[WhiteElo "2104"]
[BlackElo "2586"]

1.Nf3 c5 2.c4 Nf6 3.Nc3 b6 4.g3 Bb7 5.Bg2 e6 6.O-O a6 7.b3 Be7 8.d4 d5 9.cxd5 Nxd5
10.Nxd5 Qxd5 11.e4 Qd8 12.dxc5 Bxe4 13.Qxd8+ Bxd8 14.cxb6 Bf6 15.Be3 Bxa1
16.Rxa1 Nc6 17.Rc1 Rb8 18.Nd2 Bxg2 19.Kxg2 Ne7 20.Nc4 Nd5 21.Bc5 Kd8 22.a4 f6
23.a5 Kd7 24.Nd6 Rhd8 25.b4 Kc6 26.Ne4 Kb7 27.Nd6+ Kc6 28.Ne4 Kb7 29.Nd6+ Kc6
30.Ne4 Kb7  1/2-1/2